| 000 | 00457nam a2200181Ia 4500 | ||
|---|---|---|---|
| 008 | 230524s9999 xx 000 0 und d | ||
| 020 | _a9789382332237 | ||
| 082 | _bKOT | ||
| 100 | _aD.P. Kothari | ||
| 245 | 0 | _aLaboratory Manual For Electrical machines | |
| 250 | _a1 | ||
| 260 |
_aNew Delhi _bI.K.International _c2016 |
||
| 300 | _a"X,215p:" | ||
| 500 | _aQuantity Number: 1 | ||
| 650 | _aElectrical | ||
| 700 |
_a B.S. Umre _943012 |
||
| 942 | _cBK | ||
| 999 |
_c57956 _d57956 |
||